|
|
|
|
| LEADER |
00000nab a2200000 a 4500 |
| 001 |
vtls000927810 |
| 003 |
SK-MaSNL |
| 005 |
20260303033434.0 |
| 008 |
040720e20010808xo 0 slo |
| 035 |
|
|
|a KE36687
|
| 040 |
|
|
|a KEVKJB
|b slo
|c KEVKJB
|e AACR2
|
| 041 |
0 |
|
|a slo
|
| 044 |
|
|
|a xo
|c SK
|
| 080 |
|
|
|a 669.1
|2 1981
|
| 100 |
1 |
|
|a Dohovič, Svjatoslav
|4 aut
|9 331929
|
| 245 |
1 |
0 |
|a O VSŽ stále rokujú
|b Prezident USX Corporation predpokadá nárast cien ocele
|
| 610 |
2 |
7 |
|a U. S. Steel (Košice, Slovensko)
|2 KEVKJB
|9 656260
|
| 650 |
0 |
7 |
|a nárast výroby
|2 KEVKJB
|9 887106
|
| 650 |
0 |
7 |
|a zisk
|2 SNKPH
|9 13920
|
| 651 |
|
7 |
|a KE,
|2 KEVKJB
|9 877256
|
| 655 |
|
7 |
|a periodikum
|2 snkbucl
|9 29553
|
| 710 |
2 |
|
|a U.S.Steel (Košice, Slovensko)
|4 aut
|9 877338
|
| 773 |
0 |
8 |
|t Pravda
|g Roč. 11, č.182, 8.8.2001, s. 15
|
| 852 |
|
|
|a ZVYKNI
|b KIS3GCP
|
| 999 |
|
|
|c 1670013
|d 1671943
|